[Event "Bamberg-Open 2019"]
[Site "Bamberg"]
[Date "2019.06.01"]
[Round "6.1"]
[White "Pacher, Milan"]
[Black "Laznicka, Viktor"]
[Result "1/2-1/2"]
[WhiteElo "2396"]
[BlackElo "2660"]
[Annotator "TA"]
[PlyCount "54"]
[EventDate "2019.05.12"]
[EventType "swiss"]
[EventCountry "GER"]
[SourceTitle "playchess.com"]
[Source "ChessBase"]
[SourceQuality "1"]

{[%evp 14,54,29,-2,0,-14,1,0,8,0,8,8,14,0,21,21,31,-26,-37,-29,-20,-54,-47,-38,46,34,129,118,485,481,469,320,387,381,381,374,344,-13,-12,-14,-14,-4,0]} 1. e4 d5 2. exd5 Qxd5 3. Nc3 Qa5 4. d4 Nf6 5. Nf3 Bf5 6. Ne5 c6 7. g4 Be6 8. Bg2 Nbd7 {B01: Scandinavian Defence} 9. Nxd7 Bxd7 10. g5 Nd5 11. O-O Nxc3 12. bxc3 e6 13. Rb1 {[#]} b6 $146 ({Predecessor:} 13... Qc7 14. c4 Bd6 15. Qh5 O-O 16. c5 {1-0 (63) Macieja,B (2583)-Papaioannou,I (2619) Achaia 2013}) 14. c4 Be7 15. d5 ({White should play} 15. Rb3 $14) 15... cxd5 $11 16. cxd5 Rc8 17. Rb3 O-O $1 ({Of course not} 17... Qxa2 $6 18. d6 $11) 18. Bb2 Rfd8 ({But not} 18... Qxa2 $2 19. Qd4 $18) (18... Qa4 $15) 19. Be4 $1 $14 {Strongly threatening Qh5.} Rc4 {[#]} ({Black should try} 19... e5 $1 $14) 20. Bxh7+ $1 $40 {[%mdl 640] White goes for the king.} Kf8 $2 {[%mdl 8192]} (20... Kxh7 $16 21. Qd3+ {[%mdl 64] Double Attack} Kg8 22. Qxc4 Qxd5 23. Qxd5 exd5) 21. Qh5 $18 Qxd5 22. Bf5 {[%cal Rh5h8]} Ke8 {aiming for ...Bc6.} 23. Qh8+ {[%mdl 64] Double Attack} Bf8 {Hoping for ...Bc6.} 24. Bxg7 {[%csl Gg7][%cal Rh8f8]} Qc5 {[#]} 25. Re1 $2 (25. Bh3 $1 $18 {And now g6! would win.} Rf4 26. Rc3) 25... Rf4 {[%mdl 64] Double Attack. The position is equal.} 26. Qxf8+ Qxf8 27. Bxf8 Rxf5 {Accuracy: White = 62%, Black = 38%.} 1/2-1/2

[Event "Bamberg-Open 2019"]
[Site "Bamberg"]
[Date "2019.06.01"]
[Round "6.2"]
[White "Plat, Vojtech"]
[Black "Stets, Dmitry"]
[Result "1/2-1/2"]
[WhiteElo "2540"]
[BlackElo "2391"]
[Annotator "ChessBase"]
[PlyCount "75"]
[EventDate "2019.05.12"]
[EventType "swiss"]
[EventCountry "GER"]
[SourceTitle "playchess.com"]
[Source "ChessBase"]
[SourceQuality "1"]
[TimeControl "40/5400+30:900+30"]

1. e4 {[%emt 0:00:00]} c5 {[%emt 0:00:00]} 2. Nf3 {[%emt 0:00:00]} d6 {[%emt 0:00:00]} 3. d4 {[%emt 0:00:00]} Nf6 {[%emt 0:00:05]} 4. Nc3 {[%emt 0:00:11]} cxd4 {[%emt 0:00:07]} 5. Qxd4 {[%emt 0:00:07]} Bd7 {[%emt 0:00:41]} 6. Bg5 {[%emt 0:00:36]} Nc6 {[%emt 0:00:13]} 7. Qe3 {[%emt 0:01:15]} e6 {[%emt 0:13:18]} 8. O-O-O {[%emt 0:01:26]} a6 {[%emt 0:01:24]} 9. Kb1 {[%emt 0:05:32]} Qc7 {[%emt 0:05:06]} 10. Bxf6 {[%emt 0:01:46]} gxf6 {[%emt 0:00:06]} 11. Be2 {[%emt 0:00:57]} O-O-O {[%emt 0:11:22]} 12. Na4 {[%emt 0:03:56]} Kb8 {[%emt 0:00:17]} 13. Nb6 {[%emt 0:01:51]} Be8 {[%emt 0:03:52]} 14. Rd3 {[%emt 0:01:17]} h5 {[%emt 0:02:18]} 15. Nd2 {[%emt 0:07:57]} f5 {[%emt 0:21:44]} 16. f3 {[%emt 0:14:39]} Bh6 {[%emt 0:02:36]} 17. Qf2 {[%emt 0:00:21]} Bxd2 {[%emt 0:00:20]} 18. Rxd2 {[%emt 0:00:05]} fxe4 {[%emt 0:00:09]} 19. fxe4 {[%emt 0:00:34]} Ne5 {[%emt 0:00:36]} 20. Rhd1 {[%emt 0:03:49]} Bc6 {[%emt 0:00:38]} 21. Bf3 {[%emt 0:01:22]} Ng4 {[%emt 0:08:29]} 22. Qg1 {[%emt 0:05:54]} Nxh2 {[%emt 0:05:42]} 23. Qxh2 {[%emt 0:01:45]} Qxb6 {[%emt 0:00:07]} 24. Rxd6 {[%emt 0:00:21]} Rxd6 {[%emt 0:00:30]} 25. Qxd6+ {[%emt 0:00:11]} Qc7 {[%emt 0:00:19]} 26. Qd4 {[%emt 0:00:09]} e5 {[%emt 0:00:24]} 27. Qd2 {[%emt 0:00:05]} Qe7 {[%emt 0:02:17]} 28. Qe3 {[%emt 0:02:11]} h4 {[%emt 0:01:22]} 29. Rh1 {[%emt 0:00:35]} Qf6 {[%emt 0:01:06]} 30. b3 {[%emt 0:00:37]} Kc7 {[%emt 0:01:55]} 31. a4 {[%emt 0:00:34]} Qh6 {[%emt 0:04:28]} 32. Qc5 {[%emt 0:03:18]} Qd6 {[%emt 0:00:30]} 33. Qc3 {[%emt 0:00:40]} Kb8 {[%emt 0:01:40]} 34. Qe3 {[%emt 0:02:56]} Qh6 {[%emt 0:04:01]} 35. Qd3 {[%emt 0:02:08]} Qf6 {[%emt 0:01:24]} 36. Rf1 {[%emt 0:02:45]} Qe7 {[%emt 0:03:16]} 37. Qc4 {[%emt 0:05:05]} Rd8 {[%emt 0:03:10]} 38. Qc3 {[%emt 0:07:19]} 1/2-1/2

[Event "Bamberg-Open 2019"]
[Site "Bamberg"]
[Date "2019.06.01"]
[Round "6.3"]
[White "Hacker, Jonas"]
[Black "Mooser, Stefan"]
[Result "0-1"]
[WhiteElo "2386"]
[BlackElo "2215"]
[Annotator "ChessBase"]
[PlyCount "102"]
[EventDate "2019.05.12"]
[EventType "swiss"]
[EventCountry "GER"]
[SourceTitle "playchess.com"]
[Source "ChessBase"]
[SourceQuality "1"]
[TimeControl "40/5400+30:900+30"]

1. e4 {[%emt 0:00:00]} c5 {[%emt 0:04:17]} 2. Nf3 {[%emt 0:00:00]} e6 {[%emt 0:00:10]} 3. d4 {[%emt 0:00:00]} cxd4 {[%emt 0:00:07]} 4. Nxd4 {[%emt 0:00:00]} Nc6 {[%emt 0:00:08]} 5. Nb5 {[%emt 0:00:00]} d6 {[%emt 0:00:20]} 6. c4 {[%emt 0:00:00]} Nf6 {[%emt 0:00:08]} 7. N5c3 {[%emt 0:00:03]} Be7 {[%emt 0:01:00]} 8. Be2 {[%emt 0:00:05]} O-O {[%emt 0:00:07]} 9. O-O {[%emt 0:01:00]} b6 {[%emt 0:00:20]} 10. Re1 {[%emt 0:00:30]} Bb7 {[%emt 0:00:14]} 11. Bf4 {[%emt 0:00:47]} Rc8 {[%emt 0:02:32]} 12. Bf1 {[%emt 0:00:24]} Ne5 {[%emt 0:00:26]} 13. Nd2 {[%emt 0:00:28]} Nfd7 {[%emt 0:01:47]} 14. Rc1 {[%emt 0:05:07]} a6 {[%emt 0:02:36]} 15. Qe2 {[%emt 0:02:44]} Kh8 {[%emt 0:06:13]} 16. a3 {[%emt 0:06:39]} g5 {[%emt 0:02:24]} 17. Be3 {[%emt 0:06:17]} Rg8 {[%emt 0:04:57]} 18. b4 {[%emt 0:01:42]} g4 {[%emt 0:01:54]} 19. Na4 {[%emt 0:07:03]} Bf6 {[%emt 0:05:55]} 20. Red1 {[%emt 0:04:38]} Bc6 {[%emt 0:04:54]} 21. Nc3 {[%emt 0:11:13]} Bb7 {[%emt 0:00:31]} 22. Na4 {[%emt 0:00:20]} Bc6 {[%emt 0:00:06]} 23. Nc3 {[%emt 0:00:04]} Bb7 {[%emt 0:00:07]} 24. Kh1 {[%emt 0:03:18]} Rg7 {[%emt 0:16:54]} 25. Bf4 {[%emt 0:03:51]} h5 {[%emt 0:01:11]} 26. Na4 {[%emt 0:04:05]} h4 {[%emt 0:07:56]} 27. Qe3 {[%emt 0:01:49]} Qc7 {[%emt 0:02:45]} 28. Nb3 {[%emt 0:07:17]} h3 {[%emt 0:02:24]} 29. g3 {[%emt 0:07:55]} Be7 {[%emt 0:05:20]} 30. Nd2 {[%emt 0:03:23]} f5 {[%emt 0:05:39]} 31. Bxe5 {[%emt 0:04:09]} Nxe5 {[%emt 0:04:51]} 32. Qxb6 {[%emt 0:08:49]} Bg5 {[%emt 0:03:12]} 33. Qxc7 {[%emt 0:04:41]} Rgxc7 {[%emt 0:06:00]} 34. Be2 {[%emt 0:00:46]} fxe4 {[%emt 0:00:05]} 35. Kg1 {[%emt 0:00:43]} e3 {[%emt 0:00:09]} 36. Nf1 {[%emt 0:00:32]} exf2+ {[%emt 0:02:06]} 37. Kxf2 {[%emt 0:00:02]} Rf8+ {[%emt 0:02:06]} 38. Ke1 {[%emt 0:01:16]} Nf3+ {[%emt 0:02:58]} 39. Bxf3 {[%emt 0:00:12]} Bxf3 {[%emt 0:00:07]} 40. c5 {[%emt 0:02:13]} Bxd1 {[%emt 0:02:02]} 41. Rxd1 {[%emt 0:15:07]} Rcf7 {[%emt 0:16:10]} 42. Nd2 {[%emt 0:00:17]} dxc5 {[%emt 0:01:09]} 43. Ne4 {[%emt 0:00:44]} Rf1+ {[%emt 0:00:00]} 44. Ke2 {[%emt 0:00:00]} Rxd1 {[%emt 0:00:00]} 45. Kxd1 {[%emt 0:00:00]} cxb4 {[%emt 0:00:00]} 46. axb4 {[%emt 0:00:00]} Be7 {[%emt 0:00:00]} 47. Nac5 {[%emt 0:00:00]} Rf1+ {[%emt 0:00:00]} 48. Ke2 {[%emt 0:00:00]} Rb1 {[%emt 0:00:00]} 49. Nxa6 {[%emt 0:00:00]} Rb2+ {[%emt 0:00:00]} 50. Ke3 {[%emt 0:00:00]} Rxh2 {[%emt 0:00:00]} 51. Nf2 {[%emt 0:00:00]} Rg2 {[%emt 0:00:00]} 0-1

[Event "Bamberg-Open 2019"]
[Site "Bamberg"]
[Date "2019.06.01"]
[Round "6.4"]
[White "Kurayan, Ruslan"]
[Black "Ziegenfuss, Holger"]
[Result "1-0"]
[WhiteElo "2374"]
[BlackElo "2006"]
[Annotator "ChessBase"]
[PlyCount "93"]
[EventDate "2019.05.12"]
[EventType "swiss"]
[EventCountry "GER"]
[SourceTitle "playchess.com"]
[Source "ChessBase"]
[SourceQuality "1"]
[TimeControl "40/5400+30:900+30"]

1. e4 {[%emt 0:00:00]} c5 {[%emt 0:00:08]} 2. Nf3 {[%emt 0:00:00]} Nf6 {[%emt 0:00:08]} 3. e5 {[%emt 0:01:57]} Nd5 {[%emt 0:00:06]} 4. b3 {[%emt 0:08:05]} b6 {[%emt 0:04:17]} 5. Bd3 {[%emt 0:14:02]} Nc6 {[%emt 0:15:24]} 6. Be4 {[%emt 0:05:04]} e6 {[%emt 0:01:50]} 7. O-O {[%emt 0:00:06]} Bb7 {[%emt 0:06:46]} 8. c4 {[%emt 0:07:35]} Nde7 {[%emt 0:06:29]} 9. Nc3 {[%emt 0:17:18]} Ng6 {[%emt 0:01:43]} 10. Nb5 {[%emt 0:03:49]} Qb8 {[%emt 0:04:54]} 11. Bb2 {[%emt 0:03:53]} a6 {[%emt 0:01:52]} 12. Nd6+ {[%emt 0:01:50]} Bxd6 {[%emt 0:01:08]} 13. exd6 {[%emt 0:00:16]} f5 {[%emt 0:15:28]} 14. Bxc6 {[%emt 0:06:08]} Bxc6 {[%emt 0:00:06]} 15. d4 {[%emt 0:02:26]} Bxf3 {[%emt 0:03:54]} 16. Qxf3 {[%emt 0:00:28]} cxd4 {[%emt 0:00:49]} 17. Rad1 {[%emt 0:01:56]} O-O {[%emt 0:01:56]} 18. Rxd4 {[%emt 0:04:06]} Qd8 {[%emt 0:02:48]} 19. Re1 {[%emt 0:03:10]} Rc8 {[%emt 0:01:57]} 20. Qc3 {[%emt 0:00:54]} Rf7 {[%emt 0:01:03]} 21. f4 {[%emt 0:02:05]} Rc6 {[%emt 0:00:33]} 22. b4 {[%emt 0:00:56]} Qc8 {[%emt 0:04:29]} 23. a4 {[%emt 0:02:14]} Qa8 {[%emt 0:00:55]} 24. b5 {[%emt 0:02:49]} Rc8 {[%emt 0:00:15]} 25. Qb4 {[%emt 0:01:22]} Rff8 {[%emt 0:03:00]} 26. h3 {[%emt 0:01:37]} h6 {[%emt 0:01:26]} 27. Kh2 {[%emt 0:00:59]} Kh7 {[%emt 0:00:38]} 28. Re3 {[%emt 0:00:56]} Rg8 {[%emt 0:01:27]} 29. Rg3 {[%emt 0:00:53]} Nh8 {[%emt 0:04:47]} 30. Qc3 {[%emt 0:00:54]} Ng6 {[%emt 0:00:59]} 31. Ba1 {[%emt 0:05:09]} Rc5 {[%emt 0:04:19]} 32. Qb2 {[%emt 0:00:40]} Rcc8 {[%emt 0:01:43]} 33. Rb3 {[%emt 0:01:40]} a5 {[%emt 0:00:55]} 34. Rg3 {[%emt 0:00:28]} Nh8 {[%emt 0:00:32]} 35. Rdd3 {[%emt 0:00:22]} g6 {[%emt 0:00:27]} 36. Qf6 {[%emt 0:01:07]} Rcf8 {[%emt 0:00:42]} 37. Qd4 {[%emt 0:00:19]} Qb8 {[%emt 0:02:06]} 38. c5 {[%emt 0:00:34]} bxc5 {[%emt 0:01:34]} 39. Qxc5 {[%emt 0:00:02]} Rc8 {[%emt 0:00:23]} 40. Qd4 {[%emt 0:00:11]} Qa8 {[%emt 0:03:10]} 41. Rc3 {[%emt 0:15:21]} Nf7 {[%emt 0:16:58]} 42. Rxc8 {[%emt 0:00:49]} Qxc8 {[%emt 0:00:20]} 43. Rc3 {[%emt 0:00:20]} Qd8 {[%emt 0:00:37]} 44. b6 {[%emt 0:00:55]} g5 {[%emt 0:01:14]} 45. b7 {[%emt 0:00:11]} gxf4 {[%emt 0:00:40]} 46. Rc8 {[%emt 0:00:18]} e5 {[%emt 0:00:00]} 47. Rxd8 {[%emt 0:00:00]} 1-0

[Event "Bamberg-Open 2019"]
[Site "Bamberg"]
[Date "2019.06.01"]
[Round "6.5"]
[White "Ammon, Tobias"]
[Black "Langheinrich, Ferenc"]
[Result "1/2-1/2"]
[WhiteElo "2151"]
[BlackElo "2379"]
[Annotator "ChessBase"]
[PlyCount "50"]
[EventDate "2019.05.12"]
[EventType "swiss"]
[EventCountry "GER"]
[SourceTitle "playchess.com"]
[Source "ChessBase"]
[SourceQuality "1"]
[TimeControl "40/5400+30:900+30"]

1. e4 {[%emt 0:00:24]} g6 {[%emt 0:00:00]} 2. d4 {[%emt 0:00:06]} Bg7 {[%emt 0:00:00]} 3. Nc3 {[%emt 0:00:04]} d6 {[%emt 0:00:00]} 4. f4 {[%emt 0:00:05]} e6 {[%emt 0:00:14]} 5. Nf3 {[%emt 0:00:12]} a6 {[%emt 0:00:12]} 6. Bd3 {[%emt 0:00:21]} Ne7 {[%emt 0:01:30]} 7. O-O {[%emt 0:02:46]} O-O {[%emt 0:03:22]} 8. Ne2 {[%emt 0:04:34]} f5 {[%emt 0:12:34]} 9. e5 {[%emt 0:09:27]} dxe5 {[%emt 0:00:23]} 10. Nxe5 {[%emt 0:01:25]} Nbc6 {[%emt 0:00:43]} 11. c3 {[%emt 0:00:39]} Nxe5 {[%emt 0:00:25]} 12. dxe5 {[%emt 0:06:01]} g5 {[%emt 0:00:59]} 13. fxg5 {[%emt 0:14:05]} Ng6 {[%emt 0:02:32]} 14. Bc2 {[%emt 0:03:47]} Qe7 {[%emt 0:11:24]} 15. Nf4 {[%emt 0:02:28]} Rd8 {[%emt 0:02:08]} 16. Qe2 {[%emt 0:01:03]} Bd7 {[%emt 0:08:25]} 17. Nxg6 {[%emt 0:05:36]} hxg6 {[%emt 0:02:47]} 18. Re1 {[%emt 0:00:39]} Bb5 {[%emt 0:02:36]} 19. Qf2 {[%emt 0:02:19]} Bd3 {[%emt 0:04:03]} 20. Bf4 {[%emt 0:05:51]} Rd7 {[%emt 0:02:52]} 21. Rac1 {[%emt 0:02:17]} Rad8 {[%emt 0:00:18]} 22. h3 {[%emt 0:01:22]} c5 {[%emt 0:03:20]} 23. Bxd3 {[%emt 0:03:34]} Rxd3 {[%emt 0:00:06]} 24. c4 {[%emt 0:00:38]} b6 {[%emt 0:02:29]} 25. Kh1 {[%emt 0:06:36]} a5 {[%emt 0:00:30]} 1/2-1/2

[Event "Bamberg-Open 2019"]
[Site "Bamberg"]
[Date "2019.06.01"]
[Round "6.6"]
[White "Berghof, Axel"]
[Black "Hirneise, Jens"]
[Result "0-1"]
[WhiteElo "2155"]
[BlackElo "2375"]
[Annotator "ChessBase"]
[PlyCount "66"]
[EventDate "2019.05.12"]
[EventType "swiss"]
[EventCountry "GER"]
[SourceTitle "playchess.com"]
[Source "ChessBase"]
[SourceQuality "1"]
[TimeControl "40/5400+30:900+30"]

1. d4 {[%emt 0:00:00]} Nf6 {[%emt 0:00:00]} 2. c4 {[%emt 0:00:00]} g6 {[%emt 0:00:00]} 3. Nc3 {[%emt 0:00:10]} Bg7 {[%emt 0:00:00]} 4. e4 {[%emt 0:00:49]} d6 {[%emt 0:00:00]} 5. f3 {[%emt 0:00:49]} O-O {[%emt 0:00:00]} 6. Be3 {[%emt 0:00:34]} a6 {[%emt 0:00:02]} 7. Qd2 {[%emt 0:03:20]} Nbd7 {[%emt 0:00:06]} 8. Nh3 {[%emt 0:02:01]} c5 {[%emt 0:00:14]} 9. d5 {[%emt 0:00:43]} b5 {[%emt 0:00:05]} 10. cxb5 {[%emt 0:11:37]} Qa5 {[%emt 0:02:08]} 11. Bh6 {[%emt 0:07:21]} Bxh6 {[%emt 0:10:37]} 12. Qxh6 {[%emt 0:00:05]} axb5 {[%emt 0:00:38]} 13. Bxb5 {[%emt 0:06:46]} Rb8 {[%emt 0:00:55]} 14. Bxd7 {[%emt 0:04:07]} Bxd7 {[%emt 0:03:30]} 15. O-O {[%emt 0:11:09]} Bxh3 {[%emt 0:12:00]} 16. Qxh3 {[%emt 0:01:10]} Rxb2 {[%emt 0:00:06]} 17. Rac1 {[%emt 0:03:47]} Qb4 {[%emt 0:02:37]} 18. Qh6 {[%emt 0:10:52]} Qd4+ {[%emt 0:10:26]} 19. Kh1 {[%emt 0:01:13]} Ra8 {[%emt 0:04:35]} 20. Rfd1 {[%emt 0:04:36]} Qf2 {[%emt 0:06:57]} 21. Rg1 {[%emt 0:00:43]} Nh5 {[%emt 0:02:55]} 22. Qg5 {[%emt 0:04:32]} Rc2 {[%emt 0:12:40]} 23. Rxc2 {[%emt 0:14:38]} Qxc2 {[%emt 0:00:02]} 24. Qc1 {[%emt 0:00:47]} Qf2 {[%emt 0:06:23]} 25. Rf1 {[%emt 0:02:23]} Qd4 {[%emt 0:01:02]} 26. g3 {[%emt 0:01:26]} Nf6 {[%emt 0:01:23]} 27. Kg2 {[%emt 0:01:30]} Nd7 {[%emt 0:01:13]} 28. Rd1 {[%emt 0:03:45]} Qb4 {[%emt 0:00:42]} 29. a4 {[%emt 0:00:45]} Nb6 {[%emt 0:03:11]} 30. Rd2 {[%emt 0:00:02]} Nxa4 {[%emt 0:05:43]} 31. Ra2 {[%emt 0:00:33]} Nb6 {[%emt 0:00:50]} 32. Rb2 {[%emt 0:00:12]} Qa3 {[%emt 0:01:10]} 33. Qc2 {[%emt 0:01:29]} Nc4 {[%emt 0:00:36]} 0-1

[Event "Bamberg-Open 2019"]
[Site "Bamberg"]
[Date "2019.06.01"]
[Round "6.7"]
[White "Becker, Tobias"]
[Black "Scholz, Christian"]
[Result "1/2-1/2"]
[WhiteElo "2019"]
[BlackElo "2372"]
[Annotator "ChessBase"]
[PlyCount "69"]
[EventDate "2019.05.12"]
[EventType "swiss"]
[EventCountry "GER"]
[SourceTitle "playchess.com"]
[Source "ChessBase"]
[SourceQuality "1"]
[TimeControl "40/5400+30:900+30"]

1. d4 {[%emt 0:00:00]} Nf6 {[%emt 0:00:00]} 2. Nf3 {[%emt 0:00:00]} g6 {[%emt 0:00:00]} 3. Bg5 {[%emt 0:00:08]} Bg7 {[%emt 0:00:00]} 4. Nbd2 {[%emt 0:00:18]} h6 {[%emt 0:00:08]} 5. Bh4 {[%emt 0:00:20]} d5 {[%emt 0:05:01]} 6. e3 {[%emt 0:00:28]} O-O {[%emt 0:00:54]} 7. Bd3 {[%emt 0:00:41]} c5 {[%emt 0:11:52]} 8. c3 {[%emt 0:00:50]} b6 {[%emt 0:03:13]} 9. O-O {[%emt 0:10:59]} Bb7 {[%emt 0:01:03]} 10. Qb1 {[%emt 0:00:17]} Nc6 {[%emt 0:11:00]} 11. b4 {[%emt 0:01:01]} cxb4 {[%emt 0:09:25]} 12. cxb4 {[%emt 0:00:05]} g5 {[%emt 0:08:03]} 13. Bg3 {[%emt 0:00:12]} Nh5 {[%emt 0:00:33]} 14. a3 {[%emt 0:22:01]} Nxg3 {[%emt 0:00:24]} 15. hxg3 {[%emt 0:00:03]} e6 {[%emt 0:11:39]} 16. Rc1 {[%emt 0:01:52]} g4 {[%emt 0:02:30]} 17. b5 {[%emt 0:13:25]} Ne7 {[%emt 0:00:20]} 18. Ne5 {[%emt 0:03:01]} Bxe5 {[%emt 0:13:54]} 19. dxe5 {[%emt 0:00:05]} a6 {[%emt 0:00:15]} 20. Qb4 {[%emt 0:03:10]} d4 {[%emt 0:03:07]} 21. Ne4 {[%emt 0:02:14]} f5 {[%emt 0:03:21]} 22. Nf6+ {[%emt 0:16:06]} Kf7 {[%emt 0:00:03]} 23. bxa6 {[%emt 0:00:25]} Bxa6 {[%emt 0:01:22]} 24. Bxa6 {[%emt 0:00:52]} Rxa6 {[%emt 0:00:01]} 25. exd4 {[%emt 0:03:35]} Ra7 {[%emt 0:04:52]} 26. Rab1 {[%emt 0:03:24]} b5 {[%emt 0:00:36]} 27. Qc5 {[%emt 0:05:24]} Qa8 {[%emt 0:01:10]} 28. Qxb5 {[%emt 0:00:30]} Rxa3 {[%emt 0:00:27]} 29. Rc7 {[%emt 0:00:25]} Ra7 {[%emt 0:00:59]} 30. Rxa7 {[%emt 0:02:49]} Qxa7 {[%emt 0:00:05]} 31. d5 {[%emt 0:00:05]} exd5 {[%emt 0:01:27]} 32. Nxd5 {[%emt 0:00:08]} Rd8 {[%emt 0:01:03]} 33. Nxe7 {[%emt 0:02:20]} Qxe7 {[%emt 0:00:08]} 34. Qc6 {[%emt 0:02:35]} Rd7 {[%emt 0:01:29]} 35. Re1 {[%emt 0:04:23]} 1/2-1/2

[Event "Bamberg-Open 2019"]
[Site "Bamberg"]
[Date "2019.06.01"]
[Round "6.8"]
[White "Zenker, Ulrich"]
[Black "Gegenfurtner, Juergen"]
[Result "0-1"]
[WhiteElo "2147"]
[BlackElo "2323"]
[Annotator "ChessBase"]
[PlyCount "56"]
[EventDate "2019.05.12"]
[EventType "swiss"]
[EventCountry "GER"]
[SourceTitle "playchess.com"]
[Source "ChessBase"]
[SourceQuality "1"]
[TimeControl "40/5400+30:900+30"]

1. d4 {[%emt 0:00:00]} d5 {[%emt 0:00:00]} 2. c4 {[%emt 0:00:00]} e6 {[%emt 0:00:00]} 3. Nc3 {[%emt 0:00:31]} Nf6 {[%emt 0:00:00]} 4. cxd5 {[%emt 0:00:18]} exd5 {[%emt 0:00:00]} 5. Bg5 {[%emt 0:00:06]} Be7 {[%emt 0:00:10]} 6. e3 {[%emt 0:00:38]} c6 {[%emt 0:00:39]} 7. Bd3 {[%emt 0:00:22]} Nbd7 {[%emt 0:00:22]} 8. Nge2 {[%emt 0:04:49]} O-O {[%emt 0:00:43]} 9. O-O {[%emt 0:00:33]} Nh5 {[%emt 0:02:21]} 10. Bxe7 {[%emt 0:05:13]} Qxe7 {[%emt 0:00:13]} 11. Qc2 {[%emt 0:09:09]} g6 {[%emt 0:06:12]} 12. Rae1 {[%emt 0:03:33]} Ndf6 {[%emt 0:04:41]} 13. Nf4 {[%emt 0:07:56]} Nxf4 {[%emt 0:04:38]} 14. exf4 {[%emt 0:03:36]} Qd6 {[%emt 0:00:40]} 15. f5 {[%emt 0:00:55]} Bd7 {[%emt 0:01:23]} 16. a3 {[%emt 0:25:08]} Rae8 {[%emt 0:01:31]} 17. g3 {[%emt 0:00:54]} Re7 {[%emt 0:07:15]} 18. Rxe7 {[%emt 0:04:42]} Qxe7 {[%emt 0:00:07]} 19. Qc1 {[%emt 0:02:40]} Re8 {[%emt 0:00:26]} 20. Qg5 {[%emt 0:05:26]} Kg7 {[%emt 0:03:01]} 21. fxg6 {[%emt 0:00:10]} hxg6 {[%emt 0:00:35]} 22. h3 {[%emt 0:00:17]} Bg4 {[%emt 0:09:51]} 23. f3 {[%emt 0:04:14]} Bc8 {[%emt 0:07:15]} 24. Kf2 {[%emt 0:02:36]} c5 {[%emt 0:08:36]} 25. dxc5 {[%emt 0:02:05]} Qxc5+ {[%emt 0:00:06]} 26. Kg2 {[%emt 0:00:05]} Qb6 {[%emt 0:07:48]} 27. Rf2 {[%emt 0:02:27]} Bxh3+ {[%emt 0:00:43]} 28. Kxh3 {[%emt 0:00:27]} Qxf2 {[%emt 0:00:06]} 0-1

[Event "Bamberg-Open 2019"]
[Site "Bamberg"]
[Date "2019.06.01"]
[Round "6.9"]
[White "Delitzsch, Juergen"]
[Black "Lohvinov, Petro"]
[Result "1-0"]
[WhiteElo "2175"]
[BlackElo "2086"]
[Annotator "ChessBase"]
[PlyCount "71"]
[EventDate "2019.05.12"]
[EventType "swiss"]
[EventCountry "GER"]
[SourceTitle "playchess.com"]
[Source "ChessBase"]
[SourceQuality "1"]
[TimeControl "40/5400+30:900+30"]

1. e4 {[%emt 0:00:00]} c5 {[%emt 0:06:07]} 2. c3 {[%emt 0:00:35]} Nf6 {[%emt 0:00:06]} 3. e5 {[%emt 0:00:13]} Nd5 {[%emt 0:00:03]} 4. d4 {[%emt 0:00:16]} cxd4 {[%emt 0:00:01]} 5. Nf3 {[%emt 0:00:10]} e6 {[%emt 0:01:14]} 6. cxd4 {[%emt 0:01:49]} d6 {[%emt 0:00:14]} 7. a3 {[%emt 0:05:31]} Bd7 {[%emt 0:02:08]} 8. Bd3 {[%emt 0:00:57]} Bc6 {[%emt 0:00:21]} 9. O-O {[%emt 0:02:39]} Nd7 {[%emt 0:00:48]} 10. Re1 {[%emt 0:03:55]} Be7 {[%emt 0:01:21]} 11. Qe2 {[%emt 0:11:43]} dxe5 {[%emt 0:07:08]} 12. dxe5 {[%emt 0:00:25]} a6 {[%emt 0:07:29]} 13. Nd4 {[%emt 0:02:31]} Rc8 {[%emt 0:06:34]} 14. Qg4 {[%emt 0:04:22]} g6 {[%emt 0:05:33]} 15. Bh6 {[%emt 0:10:18]} Nc5 {[%emt 0:11:02]} 16. Bc2 {[%emt 0:01:55]} b5 {[%emt 0:02:54]} 17. b4 {[%emt 0:02:54]} Nd7 {[%emt 0:02:26]} 18. Nxe6 {[%emt 0:02:52]} Qb6 {[%emt 0:04:54]} 19. Nd4 {[%emt 0:01:07]} Bb7 {[%emt 0:04:28]} 20. Nd2 {[%emt 0:04:00]} Nf8 {[%emt 0:02:06]} 21. Bb3 {[%emt 0:11:41]} Ne6 {[%emt 0:00:50]} 22. N2f3 {[%emt 0:03:31]} Bf8 {[%emt 0:03:24]} 23. Bxf8 {[%emt 0:02:51]} Kxf8 {[%emt 0:00:31]} 24. Nxe6+ {[%emt 0:00:25]} Qxe6 {[%emt 0:02:45]} 25. Qd4 {[%emt 0:01:24]} Qb6 {[%emt 0:03:00]} 26. Qd2 {[%emt 0:04:45]} Kg7 {[%emt 0:05:35]} 27. e6 {[%emt 0:01:37]} f6 {[%emt 0:01:34]} 28. Nd4 {[%emt 0:02:33]} Ne7 {[%emt 0:00:36]} 29. Qe3 {[%emt 0:00:44]} Qd8 {[%emt 0:01:47]} 30. Rad1 {[%emt 0:00:18]} Qe8 {[%emt 0:02:05]} 31. Ne2 {[%emt 0:04:47]} Rc7 {[%emt 0:02:11]} 32. Nf4 {[%emt 0:01:54]} Nf5 {[%emt 0:01:34]} 33. Qb6 {[%emt 0:01:41]} Qc6 {[%emt 0:02:51]} 34. Qxc7+ {[%emt 0:01:11]} Qxc7 {[%emt 0:00:10]} 35. Rd7+ {[%emt 0:00:06]} Qxd7 {[%emt 0:00:11]} 36. exd7 {[%emt 0:00:05]} 1-0

[Event "Bamberg-Open 2019"]
[Site "Bamberg"]
[Date "2019.06.01"]
[Round "6.10"]
[White "Spitzl, Vinzent"]
[Black "Kues, Hendrik"]
[Result "1-0"]
[WhiteElo "2263"]
[BlackElo "2137"]
[Annotator "ChessBase"]
[PlyCount "53"]
[EventDate "2019.05.12"]
[EventType "swiss"]
[EventCountry "GER"]
[SourceTitle "playchess.com"]
[Source "ChessBase"]
[SourceQuality "1"]
[TimeControl "40/5400+30:900+30"]

1. e4 {[%emt 0:11:20]} c5 {[%emt 0:00:00]} 2. Nf3 {[%emt 0:00:13]} g6 {[%emt 0:00:34]} 3. d4 {[%emt 0:00:07]} cxd4 {[%emt 0:00:10]} 4. Qxd4 {[%emt 0:00:05]} Nf6 {[%emt 0:00:09]} 5. Nc3 {[%emt 0:00:16]} Nc6 {[%emt 0:02:27]} 6. Qa4 {[%emt 0:00:05]} d6 {[%emt 0:06:05]} 7. e5 {[%emt 0:00:05]} dxe5 {[%emt 0:00:06]} 8. Nxe5 {[%emt 0:00:06]} Bd7 {[%emt 0:00:07]} 9. Nxd7 {[%emt 0:00:06]} Qxd7 {[%emt 0:00:12]} 10. Be3 {[%emt 0:00:14]} Bg7 {[%emt 0:00:43]} 11. Rd1 {[%emt 0:00:07]} Qc8 {[%emt 0:00:39]} 12. Be2 {[%emt 0:00:17]} O-O {[%emt 0:00:22]} 13. O-O {[%emt 0:00:34]} a6 {[%emt 0:03:54]} 14. Qb3 {[%emt 0:00:20]} b5 {[%emt 0:07:35]} 15. h3 {[%emt 0:17:21]} Qc7 {[%emt 0:05:54]} 16. a4 {[%emt 0:04:49]} b4 {[%emt 0:05:32]} 17. Nd5 {[%emt 0:00:58]} Nxd5 {[%emt 0:01:52]} 18. Rxd5 {[%emt 0:00:02]} Rfc8 {[%emt 0:11:57]} 19. Rc5 {[%emt 0:06:44]} Qd6 {[%emt 0:03:07]} 20. Rd1 {[%emt 0:01:40]} Qf6 {[%emt 0:02:36]} 21. Qc4 {[%emt 0:01:28]} e5 {[%emt 0:06:29]} 22. Bf3 {[%emt 0:01:40]} Ne7 {[%emt 0:00:31]} 23. Bxa8 {[%emt 0:00:40]} Rxa8 {[%emt 0:00:01]} 24. Rc7 {[%emt 0:02:40]} h5 {[%emt 0:02:27]} 25. Rdd7 {[%emt 0:00:16]} Bf8 {[%emt 0:00:24]} 26. h4 {[%emt 0:01:35]} Nf5 {[%emt 0:01:24]} 27. Rxf7 {[%emt 0:00:38]} 1-0